000 00676nam a2200241Ia 4500
003 OSt
005 20221007080144.0
006 a|||||r|||| 00| 0
007 ta
008 221006b |||||||| |||| 00| 0 eng d
024 _a1,561
037 _cReference Collections
040 _aFLL
_cFLL
_beng
041 _2eng
_aeng
082 _aXM55:Z2, P1
100 _aMajumdar A. K.
245 0 _aCompany law and practice
260 _aNew Delhi
_bTaxmann Publications (P.) Ltd. India
_c2001
650 _aCompany law
700 _a Kapoor G. K.
942 _hXM55:Z2, P1
_cREF
_2CC
999 _c1158508
_d1158508